header

Helping children with nonverbal learning disabilities to flourish (Record no. 214736)

MARC details
000 -LEADER
fixed length control field 01291nam a2200301Ia 4500
082 04 - DEWEY DECIMAL CLASSIFICATION NUMBER
Classification number 618.92/85889
100 1# - MAIN ENTRY--AUTHOR NAME
Personal name Martin, Marilyn,
245 10 - TITLE STATEMENT
Title Helping children with nonverbal learning disabilities to flourish
260 ## - PUBLICATION, DISTRIBUTION, ETC. (IMPRINT)
Place of publication London ;
-- Philadelphia :
Name of publisher Jessica Kingsley Publishers,
Year of publication 2007.
300 ## - PHYSICAL DESCRIPTION
Number of Pages 240 p.
650 #0 - SUBJECT ADDED ENTRY--TOPICAL TERM
Topical Term Learning disabled children
Topical Term Nonverbal learning disabilities.
856 40 - ELECTRONIC LOCATION AND ACCESS
Uniform Resource Identifier http://site.ebrary.com/lib/rucke/Doc?id=10196779

No items available.

© 2026 Rongo University
Contact us: librarian | system librarian | Rongo university